Diferenciácia oravských nárečí vo svetle kolonizačných prúdov [separát]
| Main Author: | |
|---|---|
| Format: | Article |
| Language: | Slovak |
MARC
| LEADER | 00000nab a22000007a 4500 | ||
|---|---|---|---|
| 001 | vtls009937813 | ||
| 003 | SK-MaSNL | ||
| 005 | 20260303045033.0 | ||
| 008 | 140623u xo 000 0 slos | ||
| 040 | |a SVKPO |b slo |c SVKPO |e AACR2 | ||
| 041 | 0 | |a slo | |
| 044 | |a xo |c SK | ||
| 100 | 1 | |a Habovštiak, Anton, |d 1924-2004 |4 aut |9 92747 | |
| 245 | 1 | 0 | |a Diferenciácia oravských nárečí vo svetle kolonizačných prúdov |b [separát] |c Anton Habovštiak |
| 773 | 0 | |t Jazykovedný časopis |d Bratislava : SAV, 9(1958) |g č. 1-2, s. 117-138 | |
| 999 | |c 1702339 |d 1704269 | ||


